Star Wars, Forces of Destiny. (Record no. 246087)
[ view plain ]
| 000 -LEADER | |
|---|---|
| fixed length control field | 02111nam a2200493 i 4500 |
| 001 - CONTROL NUMBER | |
| control field | 2833475 |
| 005 - DATE AND TIME OF LATEST TRANSACTION | |
| control field | 20190708103356.0 |
| 008 - FIXED-LENGTH DATA ELEMENTS--GENERAL INFORMATION | |
| fixed length control field | 190315s2019 mnua c 6 000 0 eng d |
| 010 ## - LIBRARY OF CONGRESS CONTROL NUMBER | |
| LC control number | 2018945159 |
| 020 ## - INTERNATIONAL STANDARD BOOK NUMBER | |
| International Standard Book Number | 9781532142932 : |
| Terms of availability | $25.65 |
| 020 ## - INTERNATIONAL STANDARD BOOK NUMBER | |
| International Standard Book Number | 1532142935 : |
| Terms of availability | $25.65 |
| 035 ## - SYSTEM CONTROL NUMBER | |
| System control number | (OCoLC)1050567106 |
| 035 ## - SYSTEM CONTROL NUMBER | |
| System control number | (OCoLC)on1050567106 |
| 035 ## - SYSTEM CONTROL NUMBER | |
| System control number | 2795447 |
| 040 ## - CATALOGING SOURCE | |
| Original cataloging agency | PABRO |
| Language of cataloging | eng |
| Description conventions | rda |
| Transcribing agency | PABRO |
| 049 ## - LOCAL HOLDINGS (OCLC) | |
| Holding library | IGAA |
| 050 #4 - LIBRARY OF CONGRESS CALL NUMBER | |
| Classification number | PZ7.7.G735 |
| Item number | Star 2019 |
| 082 04 - DEWEY DECIMAL CLASSIFICATION NUMBER | |
| Classification number | 741.5/973 |
| Edition number | 23 |
| 092 ## - LOCALLY ASSIGNED DEWEY CALL NUMBER (OCLC) | |
| Classification number | 741.5973 |
| Item number | G784S 2019 |
| 999 ## - SYSTEM CONTROL NUMBERS (KOHA) | |
| Koha Dewey Subclass [OBSOLETE] | 741.5973 G784S 2019 |
| 100 1# - MAIN ENTRY--PERSONAL NAME | |
| Personal name | Grayson, Devin K., |
| Relator term | author. |
| 9 (RLIN) | 5784651 |
| 245 10 - TITLE STATEMENT | |
| Title | Star Wars, Forces of Destiny. |
| Name of part/section of a work | Hera / |
| Statement of responsibility, etc | writer, Devin Grayson ; artist, Eva Widermann ; colorist, Monica Kubina ; letterer, Tom B. Long ; editors, Bobby Curnow & Denton J. Tipton. |
| 246 30 - VARYING FORM OF TITLE | |
| Title proper/short title | Hera |
| 264 #1 - Production, Publication, Distribution, Manufacture, and Copyright Notice. | |
| Place of production, publication, distribution, manufacture | Minneapolis, Minnesota : |
| Name of producer, publisher, distributor, manufacturer | Abdo Spotlight, |
| Date of production, publication, distribution, manufacture, or copyr | 2019. |
| 300 ## - PHYSICAL DESCRIPTION | |
| Extent | 1 volume (unpaged) : |
| Other physical details | color illustrations ; |
| Dimensions | 27 cm |
| 336 ## - Content Type | |
| Content type term | text |
| 337 ## - Media type | |
| Media type term | unmediated |
| 338 ## - Carrier type | |
| Carrier type term | volume |
| 520 ## - SUMMARY, ETC. | |
| Summary, etc | When Hera and Chopper arrive at the Fekunda Outpost, they find the successful farming society overrun with Imperials. They help the citizens rebel and take back their farm. |
| 521 1# - TARGET AUDIENCE NOTE | |
| Target audience note | 10-14 |
| Source | Brodart. |
| 521 2# - TARGET AUDIENCE NOTE | |
| Target audience note | 5-9 |
| Source | Brodart. |
| 650 #0 - SUBJECT ADDED ENTRY--TOPICAL TERM | |
| Topical term or geographic name as entry element | Women heroes |
| Form subdivision | Comic books, strips, etc. |
| 9 (RLIN) | 5698683 |
| 650 #0 - SUBJECT ADDED ENTRY--TOPICAL TERM | |
| Topical term or geographic name as entry element | Extraterrestrial beings |
| Form subdivision | Comic books, strips, etc. |
| 9 (RLIN) | 5693514 |
| 650 #1 - SUBJECT ADDED ENTRY--TOPICAL TERM | |
| Topical term or geographic name as entry element | Women heroes |
| Form subdivision | Fiction. |
| 9 (RLIN) | 5772118 |
| 650 #1 - SUBJECT ADDED ENTRY--TOPICAL TERM | |
| Topical term or geographic name as entry element | Extraterrestrial beings |
| Form subdivision | Fiction. |
| 9 (RLIN) | 5685958 |
| 650 #1 - SUBJECT ADDED ENTRY--TOPICAL TERM | |
| Topical term or geographic name as entry element | Graphic novels. |
| 9 (RLIN) | 97621 |
| 655 #7 - INDEX TERM--GENRE/FORM | |
| Genre/form data or focus term | Graphic novels. |
| Source of term | lcgft |
| 9 (RLIN) | 5674445 |
| 700 1# - ADDED ENTRY--PERSONAL NAME | |
| Personal name | Widermann, Eva, |
| Relator term | illustrator. |
| 9 (RLIN) | 5784652 |
| 700 1# - ADDED ENTRY--PERSONAL NAME | |
| Personal name | Curnow, Bobby. |
| 9 (RLIN) | 5680739 |
| 700 1# - ADDED ENTRY--PERSONAL NAME | |
| Personal name | Tipton, Denton J. |
| 9 (RLIN) | 5784653 |
| 942 ## - ADDED ENTRY ELEMENTS (KOHA) | |
| Source of classification or shelving scheme | Dewey Decimal Classification |
| Koha item type | BOOK |
| 948 ## - LOCAL PROCESSING INFORMATION (OCLC); SERIES PART DESIGNATOR (RLIN) | |
| Series part designator, SPT (RLIN) | CCL |
| b (OCLC) | CHILDREN'S |
| p (OCLC) | X119851301 |
| k (OCLC) | J |
| h (OCLC) | 741.5973 |
| i (OCLC) | G784S 2019 |
| f (OCLC) | 1 |
| r (OCLC) | 2 |
| g (OCLC) | 1 |
| 7 (OCLC) | 0 |
| u (OCLC) | 3 |
| w (OCLC) | 11 |
| s (OCLC) | 0 |
| o (OCLC) | CCL |
| 0 (OCLC) | $25.65 |
| y (OCLC) | 99 |
| c (OCLC) | 35 |
| j (OCLC) | Dewey Decimal |
| n (OCLC) | On-Order |
| e (OCLC) | 1467977-1 |
| 9 (OCLC) | Item generated Apr 4 2019 8:51AM |
| Withdrawn status | Lost status | Source of classification or shelving scheme | Damaged status | Not for loan | Collection code | Home library | Current library | Shelving location | Date acquired | Cost, normal purchase price | Total Checkouts | Total Renewals | Full call number | Barcode | Date last seen | Date checked out | Cost, replacement price | Price effective from | Koha item type |
|---|---|---|---|---|---|---|---|---|---|---|---|---|---|---|---|---|---|---|---|
| Missing | Dewey Decimal Classification | Junior Graphic Novels | Wasatch County Library | Wasatch County Library | First Floor | 04/22/2019 | 17.95 | 10 | 5 | J GN Grayson | 34301001589631 | 03/20/2024 | 03/14/2022 | 17.95 | 03/20/2020 | BOOK |
